000 00535nam a2200205Ia 4500
003 GCL
008 140319s9999 xx 000 0 eng d
040 _aGCL /
_cGCL
082 0 4 _a952
_bF T
100 1 _aFLANNIGAN, ELLEN
245 1 0 _aTOKYO MUSEUMS: ACOMPLETE CRUIDE /
_cFLANNIGAN, ELLEN
700 1 _aFLANNIGAN, PHOMAS
260 _a[S.N] :
_bCHARLES E. MENILL PUBLISHING COMPANY ،
_c1993
300 _a245 PP
650 0 4 _aMUSEUMS
650 0 4 _aJAPAN
650 0 4 _aTOKYO
650 0 4 _aTRAVEL GUIDEBOOKS
942 _2ddc
_cBK
999 _c19198
_d19198